| 000 | 00912cam a2200169ua 4500 | ||
|---|---|---|---|
| 020 | _c2.50 | ||
| 041 |
_amal _h |
||
| 082 |
_a894.8123 _bCJS/NO |
||
| 110 | 1 |
_aC J Smaraka Prasanga Samithi . _b _c(Koothattukulam, Eranakulam, Kerala ) |
|
| 245 |
_aNovel / _cC J Smaraka Prasanga Samithi. _hTextual Documents |
||
| 260 |
_aKottayam : _bNational Book Stall , _c1963. |
||
| 300 | _a188 ; . | ||
| 365 | _a2.50 | ||
| 504 | _a | ||
| 942 | _cBK | ||
| 999 |
_c4383 _d4383 |
||